000 00873nac a22002897a 4500
001 BR9301138
003 BR-BrBNA
005 20240105121410.0
008 230509b bl.|||m| |||| 00| 0 por d
040 _aBR-BrBNA
_bpor
_cBiblioteca Nacional de Agricultura
072 _aL10
090 _a5300 BR9301138
100 1 _aIrgang, R.
100 1 _aFavero, J.A.
100 1 _aScheid, I.R.
110 1 _aCentro Nacional de Pesquisa de Suinos e Aves, Concordia, SC (Brasil)
245 1 _aHeterose e complementaridade entre racas na producao de suinos para o abate
260 3 _aConcordia, SC (Brasil):
_c1992.
300 _a6 p.
490 _aSuinocultura Dinamica (Brazil)
_vno. 3
_x
500 _a10 illus.
650 _aSuino
650 _aVigor Hibrido
650 _aAcasalamento
909 _a202312
_bLúcia Elande
_c55
_dLúcia Elande
942 _2AGRIS
_n0
_cMS
999 _c285066
_d285066